000 01019cam a2200205 4500
001 WB3902-06
008 030114n2003 000 0 eng u
035 _a(Sirsi) u121006
245 _aCentral London office take-up slumps
260 _c2003
490 _aProperty Week
_v68(1) 10 January 2002, 8(1)
520 _aKnight Frank's latest quarterly report on central London has revealed a drop of 45% in office take-up in the final quarter of 2002; the worst hit area was the City. The total annual take-up came to 882 570sq m (9.5sq ft), 35% less than 2001. Copies of the Knight Frank reports can be found on http://www.knightfrank.com. CB Hillier Parker's report also reflects the same comments on the market: their reports can be found on http://www.cbhillierparker.com.
590 _aWB
650 _aCENTRAL LONDON
650 _aLONDON
650 _aPROPERTY-COMMERCIAL PROPERTY-OFFICE PROPERTY-OFFICE PROPERTY MARKET
650 _aOFFICE TAKE-UP
690 _aPROPERTY-COMMERCIAL PROPERTY
942 _n0
999 _c71907
_d71907